| 000 | 01390 a2200301 4500 | ||
|---|---|---|---|
| 003 | Nust | ||
| 005 | 20221228181705.0 | ||
| 020 | _a0-86341-964-X | ||
| 020 | _a0-86341-964-X | ||
| 020 | _a978-0-86341-964-5 | ||
| 035 | _aDAW12678524 | ||
| 035 | _aDAW12678524 | ||
| 040 | _cNust | ||
| 082 | 0 | 4 | _a621.3883,GHA |
| 100 | 1 |
_aGhanbari, Mohammed _9106283 |
|
| 245 | 1 | 0 |
_aStandard codecs : _bimage compression to advanced video coding / _cMohammed Ghanbari. |
| 250 | _a3rd ed. | ||
| 260 |
_aLondon : _bInstitution of Engineering and Technology, _c2011. |
||
| 300 |
_axx, 481 p. : _bill. ; _c24 cm. |
||
| 490 | 1 |
_aIET telecommunications series ; _v54 |
|
| 505 | _aHistory of Video Coding (Page-1), Principles of Video Compression (Page-25), Subband and Wavelet (Page-61), Coding of Still Pictures (JPEG and JPEG2000) (Page-101), Coding for videoconferencing (H.261), Coding of Moving Pictures (MPEG-2), Video Coding for low bit rate Communication (H.263), (Page-225), Content-based video coding (MPEG-4 visual) (Page-283), Advanced video coding (H-264), Content description, serach and delivery (MPEG-7 and MPEG-21). | ||
| 650 | 0 |
_aDigital video. _955774 |
|
| 650 | 0 |
_aMPEG (Video coding standard) _995509 |
|
| 650 | 0 |
_aVideo compression. _956008 |
|
| 710 | 2 |
_aInstitution of Engineering and Technology. _983202 |
|
| 830 | 0 |
_aIET telecommunications series ; _9106284 |
|
| 942 |
_2ddc _cBK |
||
| 999 |
_c203419 _d203419 |
||